[Event "GER-chT Betriebe"]
[Site "Berlin"]
[Date "2006.10.06"]
[Round "3.4"]
[White "Regeler, Wulf"]
[Black "Pavon, Manuel"]
[Result "1-0"]
[WhiteElo "1461"]
[BlackElo "1363"]
[PlyCount "103"]
[EventDate "2006.10.05"]
[EventType "team-tourn"]
[EventRounds "7"]
[EventCountry "GER"]
[SourceTitle "EXT 2007"]
[Source "ChessBase"]
[SourceDate "2006.11.23"]
[SourceVersion "1"]
[SourceVersionDate "2006.11.23"]
[SourceQuality "1"]
[WhiteTeam "Deutsche Telekom Berlin"]
[BlackTeam "Muenchen Europ Patentamt II"]
[WhiteTeamCountry "GER"]
[BlackTeamCountry "GER"]

1. e4 e5 2. Nf3 Nc6 3. Bc4 Bc5 4. c3 Nf6 5. d4 exd4 6. cxd4 Bb4+ 7. Nc3 Nxe4 8. 0-0 Bxc3 9. bxc3 d5 10. Bb3 Nxc3 11. Re1+ Ne4 12. Ng5 0-0 13. Nxe4 dxe4 14. Rxe4 Kh8 15. Bb2 Bf5 16. Rf4 Qg5 17. Bc1 Qf6 18. Bb2 Rad8 19. Rb1 Nxd4 20. Bxd4 Rxd4 21. Rxd4 Bxb1 22. Rd7 Bg6 23. Rxc7 Re8 24. Qc1 Qf4 25. h3 Qxc1+ 26. Rxc1 Rb8 27. Rc7 Kg8 28. Bd5 b5 29. Rxa7 h6 30. Bb3 Kf8 31. Rc7 Bd3 32. Rxf7+ Ke8 33. Rxg7 Bc4 34. Bxc4 bxc4 35. Rg8+ Kd7 36. Rxb8 Kd6 37. Kf1 Kd5 38. Ke1 Kd4 39. Kd1 Kc3 40. Kc1 h5 41. a4 h4 42. a5 Kd3 43. a6 Ke2 44. a7 Kf1 45. a8Q Kg1 46. Rb1 c3 47. g3 Kh2 48. Kc2 Kxh3 49. Qh1+ Kg4 50. Qxh4+ Kf3 51. Qf4+ Ke2 52. Qe3# 1-0